Miasto do województwa - nagła śmierć - Statystyki

Ogólne statystyki
  • Ten quiz został rozwiązany 14 309 razy
  • Średni wynik to 7 z 13
Answers on the Grid
Answers color-coded by a green-red scale on the quiz's grid according to % correct below.
Dolnośląskie - Wrocław
Śląskie - Kraków
Mazowieckie - Poznań
Zachodniopomorskie - Szczecin
Kujawsko-Pomorskie - Bydgoszcz
Lubuskie - Lublin
Podlaskie - Białystok
Śląskie - Częstochowa
Śląskie - Katowice
Śląskie - Rzeszów
Łódzkie - Radom
Podlaskie - Kielce
Śląskie - Gliwice
Opolskie - Olsztyn
Wielkopolskie - Gorzów Wielkopolski
Warmińsko-Mazurskie - Opole
Mazowieckie - Płock
Podkarpackie - Tarnów
Świętokrzyskie - Chorzów
Podlaskie - Suwałki
Kujawsko-Pomorskie - Zgierz
Opolskie - Kędzierzyn-Koźle
Śląskie - Zabrze
Podlaskie - Łomża
Kujawsko-Pomorskie - Włocławek
 
Statystyki odpowiedzi
Odpowiedź % Poprawnych
Dolnośląskie - Wrocław
66%
Śląskie - Katowice
66%
Podlaskie - Białystok
65%
Zachodniopomorskie - Szczecin
65%
Śląskie - Gliwice
61%
Kujawsko-Pomorskie - Bydgoszcz
60%
Śląskie - Zabrze
58%
Mazowieckie - Płock
55%
Śląskie - Częstochowa
55%
Podlaskie - Suwałki
54%
Kujawsko-Pomorskie - Włocławek
48%
Podlaskie - Łomża
44%
Opolskie - Kędzierzyn-Koźle
43%
Nie znaleziono quizów pasujących do podanych kryteriów
Rozkład punktacji
Procent ludzi z każdym wynikiem
Percentyl według liczby udzielonych odpowiedzi
Twoja historia wyników
Nie rozwiązałeś tego quizu